Melbourne General Knowledge №: 1 - Statistics

General Stats
  • This quiz has been taken 140 times
    125 since last reset
  • The average score is 13 of 20
Answer Stats
Question Answer % Correct
In which sporting stadium is the AFL Grand Final usually held? Melbourne Cricket Ground
96%
Which river flows from eastern Victoria to Port Melbourne? Yarra River
90%
Which river spans along the majority of Victoria's northern border? Murray River
85%
Which racecourse is the Melbourne Cup held? Flemington Racecourse
84%
Which Melbourne university is located in Clayton? Monash University
83%
If you keep traveling north on Sydney Rd, which Australian city will you end up at? Sydney
83%
What is the name of Melbourne's NRL Team? Melbourne Storm
79%
Which suburb usually hosts the Formula 1 Grand Prix in March? Albert Park
78%
Which suburb is known as the 'Most expensive suburb in Melbourne'? Toorak
78%
Which street in Carlton is also referred to as 'Little Italy'? Lygon Street
76%
What was the name given to the horrific Victorian bushfires in 2009? Black Saturday
75%
Where was Australian bushranger, Ned Kelly, executed? Old Melbourne Gaol
63%
On which street are the iconic Rialto Towers located? Collins Street
55%
What is the most populous suburb in Victoria? Melbourne
51%
What is the name of the first home ground for Collingwood FC? Victoria Park
48%
Which grazier negotiated a treaty with Melbourne Aborigines in 1835? John Batman
47%
Which Melbourne Landmark now serves as a H&M at Bourke Street Mall? General Post Office
44%
Where can you find the fire towers along the Yarra River? Crown Casino, Southbank
41%
What is the nickname colloquially given to Melbourne's Convention and Exhibition Centre? Jeff's Shed
30%
What is the name of the tallest building in Melbourne's Skyline? Australia 108
29%
No matching quizzes found
Score Distribution
Percent of People with Each Score
Percentile by Number Answered
Your Score History
You have not taken this quiz since the last reset